000
00425nam a2200145Ia 4500
008
100122s9999 xx 000 0 und d
082
_b
42319
_a
823.08
100
_a
प्रभुदेसाई बाळकृष्ण
245
_a
जहाज
260
_b
बाळकृष्ण वि प्रभुदेसाई
_c
1977
300
_a
170
630
_a
जहाज
730
_a
जहाज
942
_c
BOOK
999
_c
422741
_d
422738